| 000 | 00434nam a22001457a 4500 | ||
|---|---|---|---|
| 005 | 20260311122152.0 | ||
| 008 | 260311b |||||||| |||| 00| 0 eng d | ||
| 020 | _a978-9966-1779-4-0 | ||
| 100 | _aOKEMWA CHRISTOPHER | ||
| 245 | _aOKANGOMBE, OKANYANGAU NA OGAKONDO | ||
| 260 |
_aKISII _bKISTRECH INTERNATIONAL _c2015 |
||
| 300 | _a27P. | ||
| 650 | _a1. FOLKLORE -KENYA 2. GUSII- AFRICAN PEOPLEM- JUVENILE FICTION | ||
| 942 |
_2lcc _cBK |
||
| 999 |
_c216828 _d216828 |
||